| 000 | 01542 a2200241 4500 | ||
|---|---|---|---|
| 003 | Nust | ||
| 005 | 20170207153155.0 | ||
| 010 | _a 00025675 | ||
| 020 | _a0072322047 (alk. paper) | ||
| 040 | _cNust | ||
| 082 | 0 | 0 | _a004.6 |
| 100 | 1 | _aForouzan, Behrouz A. | |
| 245 | 1 | 0 |
_aData communications and networking / _cBehrouz A. Forouzan ; with Catherine Coombs and Sophia Chung Fegan. |
| 250 | _a2nd ed. | ||
| 260 |
_aBoston : _bMcGraw-Hill, _cc2001. |
||
| 300 |
_axxxii, 908 p. : _bill. (some col.) ; _c24 cm. |
||
| 505 | _aIntroduction (Page-1), Basic Concepts (Page-21), The OSI Model (Page-43), Signals (Page-65), Encoding and Modulating (Page-91), Transmission of Digital Data (Page-139), Transmission Media (Page-187), Transmission Media (Page-187), Multiplexing (Page-231), Error Detection and Correction (Page-273), Data Link Control (Page-301), Data Link Protocols (Page-329), Local Area Networks (Page-369), Metropolitan Area Networks (Page-413), Switching (Page-431), Point to Point Protocols (Page-455),Integrated Services Digital Networks (Page-471), X.25 (Page-505), Frame Relay (Page-525), ATM (Page-553), SONET/SDH (Page-593), Networking and Internetworking Device (Page-613), Transport Layer (Page-649), Upper OSI Layers (Page-669), TCP/IP Protocols Suite Part-I (Page-705), TCP/IP Protocols Suite Part-II Application Layer (Page-737), | ||
| 538 | _aAlmirah No.3 and Shelf No.4 | ||
| 650 | 0 | _aComputer networks. | |
| 650 | 0 | _aData transmission systems. | |
| 700 | 1 | _aCoombs, Catherine Ann. | |
| 700 | 1 | _aFegan, Sophia Chung. | |
| 942 |
_2ddc _cBK |
||
| 999 |
_c180740 _d180740 |
||